000 00349pab a2200145 454500
008 180718b1995 xxu||||| |||| 00| 0 eng d
100 _aSen, Sanker
245 _aPolice training
_bpast, present and future.
260 _c1995
300 _ap.247-52
362 _aJul-Sep
650 _aPolice training
773 _aPolice Journal
909 _a28801
999 _c28801
_d28801